000 00627cab a2200229 4500
001 ABS46577
008 090401t1992 xxu||||| |||| 00| 0 eng d
035 _a(Sirsi) u58788
041 _aeng
100 _aLupton, M.
245 _aTaste of quality street
260 _c1992
350 _a0
490 _aHousing
_v28(5) June 1992, 18-20(2)
520 _aExamines the options available for monitoring standards in housing agencies.
650 _aHOUSING CORPORATIION
650 _aLOCAL GOVERNMENT ACT 1991
650 _aQUALITY ASSURANCE
690 _aBlock management
_96220
942 _n0
948 _c04/03/1997
999 _c35946
_d35946